000 01886nam a2200433Ia 4500
001 ebr10438018
003 CaPaEBR
006 m u
007 cr cn|||||||||
008 070525s2007 waua sb s001 0aeng d
010 _z 2007020203
020 _z9780295987514 (hbk. : alk. paper)
020 _z0295987510 (hbk. : alk. paper)
040 _aCaPaEBR
_cCaPaEBR
035 _a(OCoLC)607681868
050 1 4 _aE840.8.V355
_bA3 2007eb
082 0 4 _a324/.4092
_aB
_222
100 1 _aVan Dyk, Ted,
_d1934-
245 1 0 _aHeroes, hacks, and fools
_h[electronic resource] :
_bmemoirs from the political inside /
_cTed Van Dyk.
260 _aSeattle :
_bUniversity of Washington Press,
_cc2007.
300 _axiii, 306 p., [16] p. :
_bill.
500 _a"A Samuel and Althea Stroum book".
500 _aIncludes index.
504 _aIncludes bibliographical references and index.
533 _aElectronic reproduction.
_bPalo Alto, Calif. :
_cebrary,
_d2011.
_nAvailable via World Wide Web.
_nAccess may be limited to ebrary affiliated libraries.
600 1 0 _aVan Dyk, Ted,
_d1934-
610 2 0 _aDemocratic Party (U.S.)
_vBiography.
650 0 _aPolitical consultants
_zUnited States
_vBiography.
650 0 _aPolitical activists
_zUnited States
_vBiography.
650 0 _aPolitical culture
_zUnited States
_xHistory
_y20th century.
650 0 _aPresidents
_zUnited States
_xElection
_xHistory
_y20th century.
650 0 _aPolitical campaigns
_zUnited States
_xHistory
_y20th century.
650 0 _aJournalists
_zUnited States
_vBiography.
651 0 _aUnited States
_xPolitics and government
_y1945-1989.
651 0 _aUnited States
_xPolitics and government
_y1989-
655 7 _aElectronic books.
_2local
710 2 _aebrary, Inc.
856 4 0 _uhttp://site.ebrary.com/lib/rucke/Doc?id=10438018
_zAn electronic book accessible through the World Wide Web; click to view
999 _c133206
_d133206